000
00316 a2200157 4500
001
195264
040
_c
Magnum
100
_a
Flávia, Hila
240
1
0
_a
A enfermeira
_l
245
1
0
_a
A enfermeira
300
_a
12
362
0
_a
1999
440
1
_a
Mazza Edições
697
_a
LITERATURA INFANTIL
942
_c
BK
999
_c
195264
_d
195264